Guess the Language - Statistics

General Stats
  • This quiz has been taken 66 times
  • The average score is 10 of 15
Answer Stats
Question Answer % Correct
أين نحن ذاهبون بعد ذلك؟ Arabic
100%
Lets start easy. English
100%
Το ερώτημα είναι πόσο εύκολο θα παραμείνει; Greek
100%
Das ist jetzt wirklich einfach, vielleicht haben wir bald ein Ende! German
91%
Fiuh itu mendingin lagi. Indonesian
91%
Nou, het wordt steeds moeilijker. Dutch
82%
E então mais fácil novamente. Portuguese
82%
¡Kay sasachakuy nivelqa chiqamanta mana aguantay atina! Quechua
82%
Enweghị ntọhapụ site na ihe isi ike a na-adịghị agwụ agwụ. Igbo
64%
Mu dheireadh thall! Tha an deireadh ann an sealladh! Scots Gaelic
64%
这不太难,不是吗? Chinese
55%
He aha tenei i roto i te ao, he aha te uaua? Maori
55%
ეს სირთულე სულაც არ არის სასიამოვნო Georgian
36%
އަހަރެން މާ އަވަހަށް ވާހަކަ ދެއްކީ ކަމަށް ވެދާނެއެވެ. މިއީ މާ އުނދަގޫ ކަމެކެވެ. Dhivehi
27%
Ungakhathazeki, ubunzima banda ngempela! Zulu
9%
No matching quizzes found
Score Distribution
Percent of People with Each Score
Percentile by Number Answered
Your Score History
You have not taken this quiz